Lahodná čokoláda jednoduché recepty na čokoládové dezerty

Podrobná bibliografia
Ďalší autori: Holinová, Hilda, 1934-2013 (Prekladateľ), Marsinová, Daniela (PhDr.) (Editor)
Médium: Kniha
Jazyk:slovenčina
angličtina
Fyzický popis:256 s. fareb. fotogr. 21 cm
Vydavateľské údaje: Bratislava Slovart 2013
ISBN:9788055608679
Predmet:

MARC

LEADER 00000cam a2200000 a 4500
001 vtls010581854
003 SK-MaSNL
005 20260301133653.0
008 200318s2013 xo o g 001 0 slo
015 |a SNBA2014/04 
020 |a 9788055608679  |q (viaz.) 
035 |a urn:nbn:sk:snk-am00a216 
035 |a urn:nbn:sk:snk-am3hdmd 
035 |a D8E412B7-50B8-4B14-8499-8109D1D5D89A 
040 |a SNK  |b slo  |c SNK  |e AACR2 
041 1 |a slo  |h eng 
044 |a xo  |c SK 
072 7 |a 641  |x Kuchárstvo. Potraviny. Varené jedlá  |2 konspekt 
080 |a 663.918.5  |2 2001 
080 |a 663.91  |2 2001 
080 |a (083.12)  |2 2001 
080 |a 641.85  |2 2001 
130 0 |a Chocolate easy delicious step-by-step recipes.  |l Slovensky  |9 486448 
245 1 0 |a Lahodná čokoláda  |b jednoduché recepty na čokoládové dezerty  |c [z anglického originálu preložila Hilda Holinová ; editorka Daniela Marsinová] 
260 |a Bratislava  |b Slovart  |c 2013 
300 |a 256 s.  |b fareb. fotogr.  |c 21 cm 
504 |a Reg. 
650 0 7 |a čokoláda  |2 SNKPH  |9 60081 
650 0 7 |a Desserts  |2 SNKPHeng  |9 330911 
650 0 7 |a múčniky  |2 SNKPH  |9 669 
650 0 7 |a Cakes  |2 SNKPHeng  |9 327157 
650 0 7 |a dezerty  |2 SNKPH  |9 79014 
650 0 7 |a čokoládové cukrovinky  |2 SNKPH  |9 109191 
650 0 7 |a Chocolate confections  |2 SNKPHeng  |9 341604 
650 0 7 |a Chocolate  |2 SNKPHeng  |9 337111 
655 7 |a kuchárske recepty  |2 SNKPH  |9 70493 
655 7 |a Cookbooks  |2 SNKPHeng  |9 270340 
700 1 |a Holinová, Hilda,  |d 1934-2013  |4 trl  |9 86585 
700 1 |a Marsinová, Daniela  |c (PhDr.)  |4 edt  |9 249248 
919 |a 978-80-556-0867-9 
958 |a OP 
968 |b ENG 
999 |c 754385  |d 756315 
952 |a SNK  |b SNK  |y PREZ  |7 0  |p 17A1106188  |o snkSC 158564  |i snk2014/6349  |8 0  |0 0  |1 0  |4 0  |d 2014-03-11  |f 1  |l 0  |r 2025-08-20 00:00:00  |w 2026-02-23 
952 |a SNK  |b SNK  |y VYP  |7 0  |p 17A1106189  |o snkSC 158564 D1  |i snk2014/6350  |8 0  |0 0  |1 0  |4 0  |d 2014-03-11  |l 0  |r 2026-02-23 23:44:37  |w 2026-02-23